Loading...
| Literature - European | 0 | 4 | 0 | 1 | 40 | 67 | 98.00 | 0 | 0 | 7.25 | 13.33 |
| History - American | 0 | 3 | 0 | 0 | 30 | 60 | 71.33 | 1 | 3 | 10.22 | 26.67 |
| Mythology | 0 | 3 | 0 | 0 | 30 | 86 | 101.67 | 0 | 0 | 3.66 | 8.89 |
| Popular Culture | 0 | 2 | 0 | 0 | 20 | 29 | 40.00 | 1 | 1 | 26.30 | 28.89 |
| History - European | 0 | 2 | 0 | 0 | 20 | 77 | 82.00 | 0 | 0 | 5.62 | 8.89 |
| Philosophy | 0 | 2 | 1 | 0 | 15 | 90 | 99.50 | 0 | 1 | 2.20 | 11.11 |
| Fine Arts - Other | 0 | 2 | 1 | 0 | 15 | 76 | 90.50 | 0 | 0 | 4.44 | 2.22 |
| Fine Arts - Classical Music | 0 | 1 | 0 | 0 | 10 | 99 | 99.00 | 0 | 1 | 2.27 | 8.89 |
| History - World | 0 | 1 | 0 | 0 | 10 | 68 | 68.00 | 0 | 0 | 3.52 | 3.33 |
| Literature - American | 0 | 1 | 0 | 0 | 10 | 117 | 117.00 | 0 | 0 | 0.08 | 4.44 |
| Literature - British | 0 | 1 | 0 | 0 | 10 | 60 | 60.00 | 0 | 1 | 5.24 | 8.89 |
| Religion | 0 | 1 | 0 | 0 | 10 | 84 | 84.00 | 0 | 0 | 3.87 | 6.67 |
| Science - Biology | 0 | 1 | 0 | 0 | 10 | 73 | 73.00 | 0 | 0 | 3.36 | 5.56 |
| History - Other | 0 | 1 | 1 | 0 | 5 | 91 | 91.00 | 0 | 0 | 1.17 | 4.44 |
| Science - Chemistry | 0 | 0 | 0 | 0 | 0 | 0.00 | 0 | 0 | 0.00 | 0.00 | |
| Geography | 0 | 0 | 1 | 0 | -5 | 0.00 | 0 | 0 | 0.00 | 0.00 |